Imagine Dragons - Mercury Tour Songs - Statistics

General Stats
  • This quiz has been taken 17 times
  • The average score is 28 of 42
Answer Stats
# of Plays Album Song % Correct
107 Evolve Believer
100%
107 Origins Natural
100%
106 Evolve Thunder
100%
107 Night Visions Demons
92%
107 Night Visions It's Time
92%
107 Night Visions Radioactive
92%
107 Evolve Whatever it Takes
92%
44 Origins Bad Liar
83%
91 Mercury - Act 2 Bones
83%
89 Mercury - Act 1 My Life
83%
40 Night Visions On Top Of The World
83%
107 Evolve Walking the Wire
83%
60 Night Visions Amsterdam
75%
107 Mercury - Act 1 Enemy
75%
107 Mercury - Act 1 Follow You
75%
1 Night Visions Tiptoe
75%
29 Mercury - Act 1 Wrecked
75%
56 Smoke + Mirrors I'm So Sorry
67%
75 Mercury - Act 1 Lonely
67%
37 Mercury - Act 1 One Day
67%
55 Mercury - Act 2 Sharks
67%
51 Smoke + Mirrors Shots
67%
102 Origins Birds
58%
1 Mercury - Act 2 Crushed
58%
1 Mercury - Act 1 Dull Knives
58%
78 Smoke + Mirrors I Bet My Life
58%
45 Mercury - Act 1 It's Ok
58%
80 Evolve Next To Me
58%
50 Smoke + Mirrors Polaroid / Hopeless Opus
58%
5 Mercury - Act 2 Symphony
58%
7 Mercury - Act 2 Ferris Wheel
50%
3 Evolve I Don't Know Why
50%
32 Smoke + Mirrors The Fall
50%
12 Smoke + Mirrors Warriors
50%
5 Mercury - Act 2 Waves
50%
5 Night Visions Bleeding Out
42%
6 Mercury - Act 1 Easy Come Easy Go
42%
1 Night Visions Hear Me
42%
25 Mercury - Act 2 I'm Happy
42%
20 Mercury - Act 2 Younger
42%
2 Mercury - Act 2 Take it Easy
33%
1 Evolve Mouth of The River
25%
No matching quizzes found
Score Distribution
Percent of People with Each Score
Percentile by Number Answered
Your Score History
You have not taken this quiz